| 000 | 01039aam a2200313 i 4500 | ||
|---|---|---|---|
| 001 | 016485539 | ||
| 003 | OSt | ||
| 005 | 20201128021207.0 | ||
| 008 | 090514t2014 xxka frb 001 0 eng d | ||
| 020 | _a9781292024790 (pbk.) | ||
| 020 | _a1292024798 (pbk.) | ||
| 040 |
_aUK-WkNB _beng _cUK-WkNB _dUkCU _dUk _dEG-ScBUE |
||
| 082 | 0 | 0 |
_a155 _222 _bBRO |
| 100 | 1 |
_aBroderick, Patricia C. _937360 |
|
| 245 | 1 | 4 |
_aThe life span : _bhuman development for helping professionals / _cBroderick, Blewitt. |
| 250 |
_a3rd ed., _bPearson new international ed. |
||
| 260 |
_aHarlow, United Kingdom : _bPearson Education Limited, _cc.2014. |
||
| 300 |
_aii, 624 p. : _bill. ; _c28 cm. |
||
| 490 | 1 | _aPearson custom library | |
| 490 | 0 | _aAlways learning | |
| 500 | _aIndex : p. 595-624. | ||
| 504 | _aBibliography : p. 553-594. | ||
| 650 | 0 |
_aDevelopmental psychology _9952 |
|
| 653 |
_bNNUR _cFebruary2015 |
||
| 655 |
_vreading book _934232 |
||
| 700 | 1 |
_aBlewitt, Pamela _937361 |
|
| 830 | 0 |
_aPearson custom library _934961 |
|
| 942 |
_2ddc _k155 BRO |
||
| 999 |
_c18954 _d18926 |
||